| 000 | 00368nam a2200145Ia 4500 | ||
|---|---|---|---|
| 008 | 150201s2011 xx 000 0 und d | ||
| 082 |
_a610,73 _bF11T |
||
| 100 | _aTHRESYAMMA , CP. | ||
| 245 | _aFUNDAMENTALS OF NURSING PROCEDURE MANUAL FOR GNM COURSE | ||
| 250 | _a1ST | ||
| 260 |
_bJAYPEE _aDELHI _c2011 |
||
| 300 | _a525 | ||
| 650 | _aNURSING | ||
| 942 |
_2ddc _cBK _074 |
||
| 999 |
_c2132 _d2132 |
||